Introduction to fish physiology
Сохранить в:
| Главный автор: | |
|---|---|
| Формат: | |
| Язык: | Undetermined |
| Опубликовано: |
Argent laboratories
1991
|
| Предметы: | |
| Метки: |
Добавить метку
Нет меток, Требуется 1-ая метка записи!
|
| Thư viện lưu trữ: | Trung tâm Học liệu Trường Đại học Cần Thơ |
|---|
| LEADER | 00462nam a2200169Ia 4500 | ||
|---|---|---|---|
| 001 | CTU_38859 | ||
| 008 | 210402s9999 xx 000 0 und d | ||
| 082 | |a 591.1 | ||
| 082 | |b S659 | ||
| 100 | |a Lynwood S Smith | ||
| 245 | 0 | |a Introduction to fish physiology | |
| 245 | 0 | |c Lynwood S Smith | |
| 260 | |a Argent laboratories | ||
| 260 | |c 1991 | ||
| 650 | |a fishes - physiology | ||
| 904 | |i Thanh, 990526 | ||
| 980 | |a Trung tâm Học liệu Trường Đại học Cần Thơ | ||